Visualizzazione normale
Vista MARC
- Matrimonio
di Topical Term
Records bibliografici associati: 1
001 - CONTROL NUMBER
- control field: 2932
003 - CONTROL NUMBER IDENTIFIER
- control field: IT-RoINE
005 - DATE AND TIME OF LATEST TRANSACTION
- control field: 20140114165954.0
008 - FIXED-LENGTH DATA ELEMENTS
- fixed length control field: 140114|| aca||aabn | a|a d
040 ## - CATALOGING SOURCE
- Original cataloging agency: IT-RoINE
- Transcribing agency: IT-RoINE
150 ## - HEADING--TOPICAL TERM
- Topical term or geographic name as entry element: Matrimonio
- General subdivision: Aspecto religioso
- General subdivision: Iglesia Católica
- Form subdivision: Congresos
670 ## - SOURCE DATA FOUND
- Source citation: Work cat.: (IT-RoINE)0: Simposio Internacional de Teología (2o. 1980. Pamplona, España) 2931, Cuestiones fundamentales sobre matrimonio y familia /, 1980.